[Event "Troll Masters"]
[Site "Gausdal NOR"]
[Date "2000.01.11"]
[Round "3"]
[White "Hole,O"]
[Black "Mellem,N"]
[Result "1/2-1/2"]
[WhiteElo "2242"]
[BlackElo "2208"]

1.Nf3 d5 2.g3 c5 3.Bg2 e6 4.O-O Nc6 5.d3 Bd6 6.Nbd2 Nge7 7.e4 O-O 8.Re1 Qc7
9.c3 b6 10.exd5 exd5 11.Nb3 Bb7 12.d4 Rfe8 13.dxc5 bxc5 14.Be3 Nd8 15.Qc2 Ne6
16.Rad1 Rad8 17.Ng5 Nf8 18.Re2 g6 19.f4 Nf5 20.Bf2 h6 21.Nf3 Rxe2 22.Qxe2 Ne6
23.Ne5 d4 24.Bxb7 Qxb7 25.Na5 Qc7 26.Nac4 Kg7 27.Qe4 Re8 28.Re1 h5 29.Qf3 Nd8
30.Qd5 Ne6 31.Qf3 Nd8 32.Qd5 Ne6 33.Qf3  1/2-1/2

[Event "VII Anibal Open"]
[Site "Linares ESP"]
[Date "2000.01.11"]
[Round "5"]
[White "Aronian,L"]
[Black "Delgado Crespo,M"]
[Result "1-0"]
[WhiteElo "2518"]
[BlackElo "2295"]

1.Nf3 d5 2.g3 Nf6 3.Bg2 c6 4.O-O Bf5 5.d3 h6 6.Nbd2 e6 7.Qe1 Be7 8.e4 Bh7
9.Ne5 O-O 10.f4 Nbd7 11.Nxd7 Nxd7 12.Kh1 dxe4 13.dxe4 a5 14.g4 f5 15.gxf5 exf5
16.e5 Nc5 17.Nf3 Ne6 18.Be3 Qe8 19.Rg1 Qh5 20.Rd1 Rfd8 21.Rxd8+ Bxd8 22.Nd4 Qf7
23.Qc3 Nxd4 24.Bxd4 Qe6 25.Bf1 b5 26.Bg2 Rc8 27.Rd1 Bg6 28.Bg1 Be7 29.Qxa5 Kh7
30.b3 Be8 31.h3 g5 32.Qa6 gxf4 33.Bd5 Qxe5 34.Qxc8 cxd5 35.Bf2 Bh5 36.Re1 Bf3+
37.Kh2 Be4 38.Rg1 f3+ 39.Kh1 Bg5 40.h4 Qf6 41.Qd7+ Kg6 42.Qe8+ Kg7 43.c3 b4
44.hxg5 hxg5 45.Bd4 f2+ 46.Kh2  1-0

[Event "VII Anibal Open"]
[Site "Linares ESP"]
[Date "2000.01.14"]
[Round "8"]
[White "Minasian,Art"]
[Black "Yagupov,I"]
[Result "1/2-1/2"]
[WhiteElo "2600"]
[BlackElo "2449"]

1.Nf3 d5 2.g3 Bg4 3.Bg2 Nd7 4.O-O Ngf6 5.d3 c6 6.Qe1 e5 7.h3 Bh5 8.e4 dxe4
9.dxe4 Be7 10.Nh4 O-O 11.Nf5 Bc5 12.b4 Bb6 13.Nd6 Qc7 14.Nc4 a5 15.Nxb6 Nxb6
16.c3 Nfd7 17.Nd2 f6 18.a3 c5 19.bxa5 Rxa5 20.Rb1 Ra4 21.f4 Bf7 22.Rf2 Nc4
23.Nxc4 Bxc4 24.Qd1 Rfa8 25.Rd2 Nf8 26.f5 b5 27.g4 Qa5 28.Qc2 Rd8 29.Kh2 Qc7
30.Bb2 Ra6 31.Rbd1 Rad6 32.Bc1 h6 33.a4 Rxd2 34.Rxd2 Rxd2 35.Bxd2 Qa5 36.axb5 Qxb5
37.Be3 Nd7 38.Qd2 Bd3 39.Qa2+ Qc4 40.Qa7 Qb5 41.Qa8+ Kf7 42.Qd5+ Kf8 43.h4 Bf1
44.Bxf1 Qxf1 45.Bxc5+ Nxc5 46.Qxc5+ Ke8 47.Qe3 Kd7 48.g5 Kc6 49.gxh6 gxh6
50.Kg3 Kb5 51.Qxh6 Qg1+ 52.Kf3 Qf1+  1/2-1/2

[Event "VII Anibal Open"]
[Site "Linares ESP"]
[Date "2000.01.14"]
[Round "8"]
[White "Paragua,M"]
[Black "Castillo Gallego,S"]
[Result "1-0"]
[WhiteElo "2268"]
[BlackElo "2113"]

1.Nf3 d5 2.g3 c6 3.Bg2 Bg4 4.O-O Nd7 5.d3 Ngf6 6.Nbd2 e5 7.e4 Bd6 8.Qe1 O-O
9.h3 Bh5 10.Nh4 Re8 11.f4 exf4 12.gxf4 dxe4 13.dxe4 Nd5 14.Nc4 Bc5+ 15.Kh1 Be2
16.Qxe2 Qxh4 17.Qf3 N5f6 18.e5 Nd5 19.Bd2 f6 20.Be1 Qh6 21.Bg3 b5 22.Na5 fxe5
23.fxe5 Nxe5 24.Qb3 Kh8 25.Nxc6 Nxc6 26.Qxd5  1-0

[Event "ch-Asia"]
[Site "Udaipur IND"]
[Date "2000.01.14"]
[Round "5"]
[White "Ghaem Maghami,E"]
[Black "Prakash,G"]
[Result "1/2-1/2"]
[WhiteElo "2446"]
[BlackElo "2435"]

1.Nf3 d5 2.g3 c6 3.Bg2 Nf6 4.O-O Bg4 5.d4 Nbd7 6.Nbd2 e6 7.c4 Bd6 8.Qe1 O-O
9.e4 Bb4 10.a3 Bxf3 11.Bxf3 Bxd2 12.Bxd2 dxe4 13.Bxe4 Nb6 14.Rc1 Qxd4 15.Bb1 Rad8
16.Bc3 Qg4 17.b3 Qf3 18.Qe5 Rd7 19.Bc2 Rfd8 20.Rfe1 Qh5 21.Qf4 Qg4 22.Qe5 Nc8
23.Kg2 Qh5 24.Qf4 Ne7 25.Re5 Qh6 26.Qxh6 gxh6 27.Ree1 Ne8 28.Re4 h5 29.Rh4 Ng7
30.Bf6 Rc8 31.Rd1 Rxd1 32.Bxd1 Nef5 33.Rf4 Rc7 34.Kf1 Rd7 35.Ke1 h6 36.h3 c5
37.Be5 Kf8 38.g4 hxg4 39.hxg4 Nh4 40.Rf6 Ng6 41.Bb2 e5 42.Bc2 Ne8 43.Rf3 Ne7
44.Re3 f6  1/2-1/2

[Event "Extraliga CZE"]
[Site "Ostrava CZE"]
[Date "2000.01.15"]
[Round "6"]
[White "Hlavnicka,J"]
[Black "Babula,M"]
[Result "1-0"]
[WhiteElo "2239"]
[BlackElo "2334"]

1.Nf3 d5 2.g3 Nf6 3.Bg2 Bf5 4.d3 h6 5.O-O e6 6.Nbd2 Be7 7.Re1 O-O 8.b3 a5
9.a3 c5 10.c4 Nc6 11.cxd5 exd5 12.Bb2 d4 13.Nc4 Ra6 14.Qc2 Re8 15.Rad1 b5
16.Ncd2 Bf8 17.Nf1 a4 18.bxa4 Rxa4 19.Nh4 Bd7 20.e4 Qa5 21.f4 b4 22.axb4 Nxb4
23.Qb1 Bb5 24.Re2 Qa6 25.Red2 Ra2 26.e5 Nfd5 27.Be4 Nc3 28.Bxc3 dxc3 29.Rxa2 Qxa2
30.Qxa2 Nxa2 31.Ne3 Rd8 32.Nf3 c2 33.Nxc2 Nc3 34.Re1 Bxd3 35.Bxd3 Rxd3 36.Re3 Rd1+
37.Re1 Rd3 38.Re3 Rd1+ 39.Nfe1 Nb5 40.Rd3 Rxd3 41.Nxd3 c4 42.Nde1 Bc5+ 43.Kg2 Kf8
44.Kf3 Ke7 45.Ne3 c3 46.Ke4 Kd7 47.Nf5 Bf8 48.Nd4 Nxd4 49.Kxd4 Bb4 50.Nc2 Ba5
51.Kd3 Kc6 52.Nd4+ Kd5 53.Nf5 Bb6 54.Nxg7 Bg1 55.Nh5 Bxh2 56.Kxc3 Ke4 57.Kc4 Kf5
58.Kd5 Kg4 59.Ng7 Bxg3 60.f5 Kg5 61.e6 fxe6+ 62.fxe6  1-0

[Event "Extraliga CZE"]
[Site "Ostrava CZE"]
[Date "2000.01.16"]
[Round "7"]
[White "Mirumian,V"]
[Black "Matlak,M"]
[Result "1/2-1/2"]
[WhiteElo "2506"]
[BlackElo "2482"]

1.Nf3 d5 2.g3 c6 3.Bg2 Bg4 4.O-O Nd7 5.d3 Ngf6 6.Qe1 e5 7.e4 dxe4 8.dxe4 Be7
9.Nbd2 b5 10.h3 Bh5 11.Nh4 O-O 12.Nf5 Re8 13.a4 Bb4 14.g4 Bg6 15.Qe2 a6 16.Rd1 Qc7
17.Nf1 Bf8 18.N1g3 Nc5 19.g5 Nfd7 20.axb5 axb5 21.Rxa8 Rxa8 22.h4 Ne6 23.Ne3 f6
24.Qg4 Bf7 25.Bh3 Rd8 26.Kh2 fxg5 27.hxg5 Ndc5 28.Rxd8 Qxd8 29.Nef5 Nf4 30.Bxf4  1/2-1/2

[Event "Extraliga CZE"]
[Site "Ostrava CZE"]
[Date "2000.01.16"]
[Round "7"]
[White "Jansa,V"]
[Black "Virostko,P"]
[Result "1-0"]
[WhiteElo "2442"]
[BlackElo "2253"]

1.Nf3 d5 2.g3 Bg4 3.Bg2 Nd7 4.O-O Ngf6 5.c4 e6 6.b3 Be7 7.Bb2 O-O 8.d4 c6
9.Nbd2 a5 10.a3 Qb6 11.Re1 Rfd8 12.Rc1 Rac8 13.c5 Qa7 14.b4 b6 15.Nb3 Qb7
16.Bc3 Ne4 17.Ba1 axb4 18.axb4 bxc5 19.bxc5 Ra8 20.Nfd2 Nxd2 21.Nxd2 Bf5
22.e4 dxe4 23.Nxe4 Nf6 24.Nxf6+ Bxf6 25.Qf3 Bg5 26.Rcd1 Bc2 27.Qxc6 Qxc6
28.Bxc6 Ra7 29.Be4 Bxd1 30.Rxd1 Rb8 31.c6 Bd8 32.d5 exd5 33.Bxd5 Bc7 34.Bd4 Ra5
35.Bf3 Rab5 36.Kg2 Rd8 37.Re1 Bd6 38.Ra1 Kf8 39.Be3 Ke8 40.Ra7 Rc8 41.Bg4 Rc7
42.Ra8+ Ke7 43.Bf3 Ke6 44.h4 Bc5 45.Be2 Rb2 46.Bc4+ Kd6 47.Rd8+ Ke7 48.Rd7+ Rxd7
49.Bxc5+ Kd8 50.cxd7 Rc2 51.Bb6+ Kxd7 52.Bxf7 Ke7 53.Bg8 h6 54.h5 Kf8 55.Bd5 Rd2
56.Bc5+ Ke8 57.Be6 Re2 58.Be3 Ke7 59.Bd5 Rc2 60.Kf3 Rc7 61.Kf4 Kd6 62.Ke4 Re7+
63.Kd4 Kd7 64.g4  1-0

[Event "V Ubeda Open"]
[Site "Ubeda ESP"]
[Date "2000.01.20"]
[Round "2"]
[White "Aronian,L"]
[Black "Zakharov,Aleksej"]
[Result "0-1"]
[WhiteElo "2587"]
[BlackElo "2124"]

1.Nf3 d5 2.g3 Bg4 3.Bg2 Nd7 4.c4 e6 5.cxd5 exd5 6.h3 Bxf3 7.Bxf3 c6 8.O-O Ngf6
9.d3 Bc5 10.Nc3 O-O 11.Qc2 Re8 12.Rd1 Qe7 13.e4 dxe4 14.dxe4 Rad8 15.Kg2 h6
16.a3 Nf8 17.Rxd8 Rxd8 18.b4 Bb6 19.Bb2 Ne6 20.e5 Nd7 21.Re1 a5 22.Ne4 axb4
23.axb4 Bd4 24.Be2 Nxe5 25.Bc3 Bxc3 26.Qxc3 Rd4 27.Nc5 Qd6 28.Nxe6 fxe6 29.Rd1 Rxd1
30.Bxd1 Qxd1 31.Qxe5 Qd5+ 32.Qxd5 exd5 33.f4 Kf7 34.Kf3 h5 35.f5 b6 36.Kf4 c5
37.bxc5 bxc5 38.g4 hxg4 39.hxg4 g6  0-1

[Event "Israeli League"]
[Site "Ramat Aviv ISR"]
[Date "2000.01.21"]
[Round "2"]
[White "Lurie,M"]
[Black "Zalkind,K"]
[Result "1/2-1/2"]
[WhiteElo "2276"]
[BlackElo "2250"]

1.Nf3 d5 2.g3 c6 3.Bg2 Bg4 4.d4 Nf6 5.Ne5 Bf5 6.O-O e6 7.c4 Nbd7 8.cxd5 exd5
9.Qb3 Qc7 10.Bf4 Nh5 11.Qe3 Nxf4 12.Nxd7+ Kxd7 13.Qxf4 Qxf4 14.gxf4 Bd6 15.e3 h6
16.Nc3 g5 17.f3 Be6 18.Ne2 Rae8 19.Kf2 f6 20.h4 gxf4 21.Nxf4 Bxf4 22.exf4 Bf5
23.Rfe1 Kd6 24.Bf1 Rhg8 25.Rac1 Re7 26.Rxe7 Kxe7 27.b4 Kd6 28.Rc3 b6 29.Re3 Rc8
30.Ba6 Rg8 31.Bf1 Rb8 32.Ra3 Rb7 33.Be2 Rc7 34.Bf1 Ke7 35.Rc3 Ke6 36.Be2 Kd6
37.Ra3 Re7 38.Bf1 Rc7 39.Be2 Kd7 40.Bf1 Kd6 41.Be2  1/2-1/2

[Event "4NCL"]
[Site "Birmingham ENG"]
[Date "2000.01.23"]
[Round "6"]
[White "Norwood,D"]
[Black "Turner,M"]
[Result "0-1"]
[WhiteElo "2518"]
[BlackElo "2487"]

1.g3 d5 2.Nf3 Nf6 3.Bg2 c5 4.c4 dxc4 5.Na3 e6 6.O-O Be7 7.Nxc4 Nc6 8.b3 O-O
9.Bb2 Rb8 10.Nfe5 Nd4 11.Rc1 Bd7 12.e3 Nf5 13.Qe2 Be8 14.a4 Nd7 15.Nxd7 Bxd7
16.Be5 b5 17.Bxb8 bxc4 18.Be5 cxb3 19.Qc4 f6 20.Bb2 Qb6 21.Rc3 Rb8 22.Ra1 Qb4
23.d4 cxd4 24.exd4 Nxd4 25.Rd1 Qxc4 26.Rxc4 e5 27.Rc7 Bg4 28.Rd3 Kf8 29.Rxa7 Be6
30.a5 Bc4 31.Rd1 Rc8 32.Bxd4 exd4 33.Be4 f5 34.Bxf5 Rc5 35.Rxd4 b2 36.Rb7 Bb5
37.Rf4 g5 38.Rf3  0-1

[Event "V Ubeda Open"]
[Site "Ubeda ESP"]
[Date "2000.01.23"]
[Round "5"]
[White "Svetushkin,D"]
[Black "Sharma,D"]
[Result "0-1"]
[WhiteElo "2486"]
[BlackElo "2337"]

1.Nf3 d5 2.g3 c6 3.Bg2 Bg4 4.O-O Nd7 5.d3 Ngf6 6.Nbd2 e5 7.h3 Bh5 8.e4 dxe4
9.dxe4 Bc5 10.Qe1 O-O 11.a4 a5 12.Nc4 Qc7 13.Bd2 b6 14.Bc3 Rfe8 15.Rd1 b5
16.axb5 cxb5 17.Bxa5 Qa7 18.Nd6 Bxd6 19.Rxd6 Bxf3  0-1

[Event "V Ubeda Open"]
[Site "Ubeda ESP"]
[Date "2000.01.24"]
[Round "6"]
[White "Yandemirov,V"]
[Black "Turov,M"]
[Result "1/2-1/2"]
[WhiteElo "2472"]
[BlackElo "2526"]

1.Nf3 d5 2.g3 Nc6 3.d4 Bf5 4.c3 e6 5.Bg2 Nf6 6.O-O Bd6 7.Qb3 Na5 8.Qa4+ c6
9.Bg5 b5 10.Qd1 h6 11.Bxf6 Qxf6 12.Nbd2 Qd8 13.Re1 O-O 14.e4 Bh7 15.b4 Nc4
16.Nxc4 bxc4 17.e5 Be7 18.Nd2 a5 19.a3 Ra6 20.Nf1 Qb6 21.Ne3 Rfa8 22.Rc1 axb4
23.axb4 Ra2 24.Re2 Qa6 25.h4 Qa3 26.Rxa2 Qxa2 27.Qe1 Qb2 28.Bf3 Bd3 29.Ng2 Ra2
30.Nf4 g5 31.Ng2 Bf5 32.Bh5 Be4 33.Qe3 Bd3 34.Rd1 Kg7 35.Qf3 f5 36.exf6+ Bxf6
37.hxg5 hxg5 38.Qe3 Be2 39.Bxe2 Qxe2 40.Qxe2 Rxe2 41.Ne3 Rb2 42.Re1 Rb3 43.Nd1 Rb1
44.Kf1 Rc1 45.Ke2 Rc2+ 46.Kf3 Rc1 47.Ke3 Ra1 48.Kd2 Ra2+ 49.Kc1 Kf7 50.Kb1 Ra8
51.Ne3 e5 52.dxe5 Bxe5  1/2-1/2

[Event "ch-BRA"]
[Site "Brasilia BRA"]
[Date "2000.01.25"]
[Round "8"]
[White "Gauche,C"]
[Black "Limp,E"]
[Result "1/2-1/2"]
[WhiteElo "2310"]
[BlackElo "2420"]

1.Nf3 d5 2.g3 Nf6 3.Bg2 c6 4.O-O Qc7 5.d4 Bf5 6.c4 e6 7.Nc3 Nbd7 8.Bf4 Bd6
9.Bxd6 Qxd6 10.Qb3 Rb8 11.Nd2 O-O 12.Qa3 Qxa3 13.bxa3 Rfd8 14.cxd5 cxd5 15.Rfc1 a6
16.Na4 Rdc8 17.Nb3 b6 18.e3 Bd3 19.Nb2 Be2 20.Rxc8+ Rxc8 21.Rc1 Rxc1+ 22.Nxc1 Bb5
23.a4 Bc6 24.Bf1 a5 25.Bb5 Bxb5 26.axb5 Ne8 27.Kf1 Nc7 28.a4 Kf8 29.Ke2 Ke7
30.Nb3 f6 31.f3 Kd6 32.Kd2 e5 33.Ke2 Ne6 34.Kd3 f5 35.Ke2 g5 36.Nd3 e4 37.Ne1 exf3+
38.Kxf3 Nf6 39.Nd3 g4+ 40.Kg2 Ng5 41.Nbc1 Nfe4 42.Nb2 Nf3 43.Ncd3 Ned2 44.h4 Ne4
45.Nd1 Ned2 46.N1b2 Nc4 47.Kf2 Nfd2 48.Nd1 Ne4+ 49.Kg2 Na3 50.Ne5 Nb1 51.Nf7+ Ke7
52.Ne5 Nbc3 53.Nb2 Ne2 54.Ned3 Kd6 55.Nd1 N2c3 56.Nxc3 Nxc3 57.Nb2 h5 58.Kf1 Ke7
59.Ke1 Ne4 60.Nd3 Nxg3 61.Nf4 Kd6 62.Kd1 Nf1 63.Ke2 Nh2 64.Kf2 Nf3 65.Kg3 Ng1
66.Kg2  1/2-1/2

[Event "V Ubeda Open"]
[Site "Ubeda ESP"]
[Date "2000.01.26"]
[Round "8"]
[White "Guerra Bastida,D"]
[Black "Perez Garcia,R"]
[Result "0-1"]
[WhiteElo "2313"]
[BlackElo "2047"]

1.Nf3 d5 2.g3 Nf6 3.Bg2 e6 4.O-O Be7 5.d3 O-O 6.Nbd2 c5 7.e4 Nc6 8.Re1 b5
9.e5 Nd7 10.Nf1 a5 11.h4 b4 12.N1h2 Ba6 13.h5 a4 14.h6 g6 15.a3 bxa3 16.bxa3 Rb8
17.Ng4 Nd4 18.Nxd4 cxd4 19.Bf4 Rc8 20.Qe2 Rc3 21.Bxd5 Qc8 22.Be4 Rxc2 23.Qf3 Nc5
24.Nf6+ Bxf6 25.exf6 Nxe4 26.Qxe4 Bb7 27.Qxd4 Rd8 28.Qxa4 Qc5 29.Be3 Qh5
30.Qh4 Qf3 31.Qh2 Qxf6 32.Qh4 Qxh4 33.gxh4 Rxd3 34.Rab1 Rd7 35.Rb6 Rc6 36.Rb4 f6
37.Reb1 Bc8 38.Rb8 Kf7 39.a4 Rc4 40.a5 Rg4+ 41.Kh2 Rxh4+ 42.Kg3 Rc4 43.a6 Bxa6
44.Rh8 Rcc7 45.Rbb8 g5 46.Rbg8 e5 47.Rg7+ Ke6 48.Rhxh7 Bd3 49.Rxd7 Rxd7 50.Rh8 Kf7
51.Bc5 Kg6 52.Bf8 Be4 53.Rg8+ Kh5 54.Bg7 Rd3+ 55.f3 Rxf3+ 56.Kg2 Kg4 57.Rf8 f5
58.Kg1 Rc3 59.Re8 Bf3 60.Rg8 e4 61.Bf6 e3 62.Rxg5+ Kf4  0-1

[Event "V Ubeda Open"]
[Site "Ubeda ESP"]
[Date "2000.01.26"]
[Round "8"]
[White "Aronian,L"]
[Black "Gerstner,W"]
[Result "1-0"]
[WhiteElo "2587"]
[BlackElo "2402"]

1.Nf3 d5 2.g3 Nf6 3.Bg2 Bf5 4.c4 c6 5.cxd5 cxd5 6.Qb3 Qc8 7.Nc3 e6 8.d3 Be7
9.Bf4 O-O 10.Rc1 Nc6 11.O-O Qd7 12.h3 Rac8 13.e4 Bg6 14.exd5 exd5 15.d4 Na5
16.Qd1 Nc4 17.Ne5 Qf5 18.Qb3 b6 19.Rfe1 Rfe8 20.Ng4 Na5 21.Qb5 Kf8 22.Nxf6 Qxf6
23.Nxd5 Rxc1 24.Qxe8+  1-0

[Event "2nd White Rose Int."]
[Site "York ENG"]
[Date "2000.01.26"]
[Round "3"]
[White "Dunnington,A"]
[Black "Woolridge,L"]
[Result "1-0"]
[WhiteElo "2372"]
[BlackElo "2185"]

1.Nf3 d5 2.g3 Nf6 3.Bg2 b5 4.O-O Bb7 5.b3 e6 6.c4 a6 7.Bb2 Bd6 8.Qc2 Qe7
9.d4 dxc4 10.bxc4 c5 11.cxb5 axb5 12.Nc3 Ra5 13.e4 Bc7 14.d5 Nbd7 15.a4 bxa4
16.Rxa4 Rxa4 17.Qxa4 O-O 18.Nb5 Ra8 19.Qc2 Bb8 20.d6 Qe8 21.e5 Nxe5 22.Bxe5 Qxb5
23.Rb1 Be4 24.Qxe4 Nxe4 25.Rxb5 f6 26.Ne1 Bxd6 27.Bxe4 Ra4 28.Bc2 Ra2 29.Bxd6  1-0

[Event "Renome 2000"]
[Site "Bjeljina YUG"]
[Date "2000.01.27"]
[Round "2"]
[White "Petronic,J"]
[Black "Cabrilo,G"]
[Result "1/2-1/2"]
[WhiteElo "2423"]
[BlackElo "2483"]

1.Nf3 d5 2.g3 Nf6 3.Bg2 e6 4.O-O Be7 5.b3 c5 6.c4 O-O 7.cxd5 Nxd5 8.Bb2 Nc6
9.Nc3 Bf6 10.Rb1 Nxc3 11.Bxc3 Bd7 12.Rc1 e5  1/2-1/2

[Event "BCX Open"]
[Site "Brasilia BRA"]
[Date "2000.01.29"]
[Round "4"]
[White "Matsuura,E"]
[Black "Benares,R"]
[Result "1/2-1/2"]
[WhiteElo "2441"]
[BlackElo "2236"]

1.Nf3 d5 2.g3 Nf6 3.Bg2 c6 4.O-O g6 5.b3 Bg7 6.Bb2 O-O 7.c4 Bf5 8.d3 Nbd7
9.Nd4 Qb6 10.Nxf5 gxf5 11.Nd2 Rad8 12.Qc2 Nc5 13.Bd4 dxc4 14.Nxc4 Qb4 15.Bc3 Qb5
16.Rfb1 Ne6 17.a4 Qa6 18.b4 Nd4 19.Qb2 Ng4 20.h3 Ne5 21.Nxe5 Bxe5 22.Kh1 Bf6
23.e3 Ne6 24.Bxf6 exf6 25.Bf1 Kg7 26.d4 Qb6 27.Qc2 Ng5 28.Qxf5 Rd5 29.Qg4 h5
30.Qxh5 Nxh3 31.Qe2 Rh8 32.Bxh3 Rxh3+ 33.Kg2 Rdh5 34.Qg4+ Kh7 35.Qxh3 Rxh3
36.Kxh3 Qd8 37.Kh2 f5 38.b5 f4 39.gxf4 Qh4+ 40.Kg2 Qg4+ 41.Kf1 Qf3 42.bxc6 bxc6
43.Re1 Kg6 44.Rac1 Kf5 45.Rc5+ Ke4 46.Rxc6 Qh1+ 47.Ke2 Qf3+ 48.Kd2 Qxf2+
49.Re2 Qf1 50.Rc1 Qh3 51.f5 Qxf5 52.Rc5 Qf6 53.Re5+ Kf3 54.e4 Qd6 55.Rf5+ Kg4
56.d5 Qb4+ 57.Kd3 Qb3+ 58.Kd2 Qb4+ 59.Ke3 Qc5+ 60.Kd3 Qa3+ 61.Kd2 Qb4+ 62.Kd3 Qb3+
63.Kd2  1/2-1/2

[Event "Bundesliga 1999-2000"]
[Site "Magdeburg GER"]
[Date "2000.01.29"]
[Round "8"]
[White "Espig,L"]
[Black "Brynell,S"]
[Result "1/2-1/2"]
[WhiteElo "2402"]
[BlackElo "2494"]

1.Nf3 d5 2.g3 Nc6 3.c4 d4 4.Bg2 e5 5.d3 Nf6 6.O-O Nd7 7.Na3 Be7 8.Nc2 a5
9.b3 O-O 10.Rb1 Nc5 11.Ba3 Re8 12.Nd2 Bg4 13.f4 Qd7 14.fxe5 Nxe5 15.Bxc5 Bxc5
16.Ne4 Bf8 17.Qd2 c6 18.Rf2 h6 19.Rff1 Be7 20.Qe1 f5 21.Nf2 Bh5 22.Nh3  1/2-1/2

[Event "5th HIT Open"]
[Site "Nova Gorica SLO"]
[Date "2000.02.03"]
[Round "3"]
[White "Srebrnic,A"]
[Black "Mar,K"]
[Result "1-0"]
[WhiteElo "2177"]
[BlackElo "2029"]

1.Nf3 d5 2.g3 c6 3.Bg2 Bf5 4.d3 e6 5.Nbd2 Nf6 6.Nh4 Bg4 7.h3 Bh5 8.g4 Nfd7
9.Nhf3 Bg6 10.c4 Be7 11.a3 O-O 12.b4 Bf6 13.Rb1 Na6 14.Qb3 Nc7 15.Bb2 Re8
16.Bxf6 Qxf6 17.g5 Qe7 18.h4 f6 19.h5 Bf7 20.gxf6 Qxf6 21.h6 g6 22.e4 Ne5
23.Nxe5 Qxe5 24.Qb2 Qxb2 25.Rxb2 e5 26.cxd5 cxd5 27.exd5 Nxd5 28.Bxd5 Bxd5
29.Ne4 Bxe4 30.dxe4 Rac8 31.Ke2 Rc3 32.Rd1 Rxa3 33.Rd7 a6 34.Rg7+ Kh8 35.Rd2 Rh3
36.Rxb7 Rxh6 37.Rdd7 Rh4 38.f3 Rc8 39.Rbc7 Ra8 40.Kf2 Rh3 41.Kg2 Rh5 42.Kg3 Rh1
43.Re7 Rh5 44.f4 exf4+ 45.Kxf4 Rf8+ 46.Ke3 Rd8 47.e5 Rh4  1-0

[Event "2nd Novak Nikolic mem"]
[Site "Belgrade YUG"]
[Date "2000.02.04"]
[Round "2"]
[White "Martinovic,S"]
[Black "Zhukova,N"]
[Result "1/2-1/2"]
[WhiteElo "2448"]
[BlackElo "2471"]

1.Nf3 d5 2.g3 Nf6 3.Bg2 Bf5 4.O-O e6 5.c4 c6 6.b3 Be7 7.Bb2 O-O 8.d3 h6 9.Nbd2 a5
10.a3 Nbd7 11.Ra2 Qb6 12.Qa1 Rfd8 13.Bc3 Qa7 14.Qb2 Bh7 15.Raa1 b5 16.cxb5 cxb5
17.Bd4 Qb7 18.Rfc1 Rac8 19.Ne5 Nxe5 20.Bxe5 Ne8 21.Nf3 Bf6 22.Bxf6 Nxf6 23.b4 a4
24.h3 Nd7 25.Rxc8 Rxc8 26.Rc1 Rxc1+ 27.Qxc1 e5 28.Qc3 f6 29.g4 Kf8 30.Nd2 Ke7
31.Nf1 Bg8 32.Ne3 Be6 33.d4 Kd6 34.dxe5+ fxe5 35.Qd3 Nf6 36.Nd1 Bd7 37.e3 Qc6
38.Nc3 Qc4 39.Bf1 Qb3 40.Nxb5+ Bxb5 41.Qxb5 Qxa3 42.Qb8+ Ke6 43.h4 Qa1 44.g5  1/2-1/2

[Event "Extraliga CZE"]
[Site "Ostrava CZE"]
[Date "2000.02.05"]
[Round "8"]
[White "Votava,J"]
[Black "Ioseliani,N"]
[Result "0-1"]
[WhiteElo "2497"]
[BlackElo "2504"]

1.Nf3 d5 2.g3 Nf6 3.Bg2 e6 4.O-O Be7 5.d3 c5 6.Nbd2 Nc6 7.e4 Qc7 8.Re1 b6
9.exd5 Nxd5 10.c4 Nf6 11.d4 O-O 12.Ne5 Bb7 13.Nxc6 Bxc6 14.Bxc6 Qxc6 15.d5 Qd7
16.dxe6 fxe6 17.Qe2 e5 18.Ne4 Rad8 19.Nc3 e4 20.Bf4 Qh3 21.Nxe4 Nxe4 22.Qxe4 Bf6
23.Rab1 Bd4 24.Re2 Qg4 25.Qe6+ Qxe6 26.Rxe6 g5 27.Bxg5 Rxf2 28.Kh1 Rdf8 29.Bh6 Rf1+
30.Rxf1 Rxf1+ 31.Kg2 Rf2+ 32.Kh3 Kf7 33.Rc6 Rxb2 34.Bf4 Rxa2 35.Kg4 Rxh2
36.Kf5 Rh5+ 37.Bg5 Be3 38.Rc7+ Kf8 39.Rc8+ Kg7 40.Rc7+ Kf8 41.Rc8+ Kf7 42.Rc7+ Ke8
43.Re7+ Kf8 44.Rxe3 h6 45.Kg6 Rxg5+ 46.Kxh6 Rg4 47.Rc3 Kf7 48.Kh5 Rg8 49.g4 Kf6
50.Rf3+ Ke5 51.g5 a6 52.Rd3 Rc8 53.Rb3 Rb8 54.Rd3 b5 55.Rd5+ Ke4 56.Rxc5 b4
57.Ra5 b3 58.Rxa6 b2 59.Re6+ Kf5 60.Rf6+ Ke5 61.Rf1 b1=Q 62.Rxb1 Rxb1  0-1

[Event "Belgian Interteams 1999-2000"]
[Site "Antwerp BEL"]
[Date "2000.02.06"]
[Round "9"]
[White "Craps,B"]
[Black "Krijgelmans,J"]
[Result "1-0"]
[WhiteElo "2218"]
[BlackElo "2223"]

1.Nf3 d5 2.g3 c6 3.Bg2 Bg4 4.O-O e6 5.d3 Nd7 6.Nbd2 Bc5 7.a3 a5 8.b3 Ne7
9.Bb2 f6 10.c4 O-O 11.Bc3 Bd6 12.e4 Nc5 13.Qc2 dxe4 14.dxe4 e5 15.b4 Ne6
16.c5 Bc7 17.Qb3 Kh8 18.h3 Bxf3 19.Nxf3 Qc8 20.h4 Nd8 21.Rad1 axb4 22.axb4 b6
23.Kh2 bxc5 24.bxc5 Ng8 25.Bh3 Qa6 26.Rd7 Qe2 27.Ng1 Qxe4 28.Rxc7 h5 29.Qb1 Qc4
30.Qg6 Rf7 31.Bf5  1-0

[Event "5th HIT Open"]
[Site "Nova Gorica SLO"]
[Date "2000.02.07"]
[Round "7"]
[White "Mikac,M"]
[Black "Pavasovic,D"]
[Result "1/2-1/2"]
[WhiteElo "2418"]
[BlackElo "2544"]

1.Nf3 d5 2.g3 Bg4 3.Bg2 Nd7 4.d4 e6 5.O-O Ngf6 6.c4 c6 7.Ne5 Nxe5 8.dxe5 Nd7
9.h3 Bf5 10.cxd5 exd5 11.f4 Bc5+ 12.Kh2 f6 13.e4 Bxe4 14.Bxe4 dxe4 15.e6 Nf8
16.Qh5+ g6 17.Qxc5 Qd3 18.Re1 Nxe6 19.Qc3 O-O-O 20.Qxd3 Rxd3 21.Rxe4 Nd4
22.Nc3 h5 23.Ne2 Nf3+ 24.Kg2 Ne1+ 25.Kf1 Nc2 26.Rb1 h4 27.f5 Rd1+ 28.Kf2 hxg3+
29.Nxg3 gxf5 30.Rc4 Nd4 31.Ne2 Ne6 32.h4 f4 33.Re4 Nc5 34.Rd4 Rxd4 35.Nxd4 Rxh4
36.Nf3 Rh1 37.Ng1 Rh2+ 38.Kf3 Nd3 39.Bxf4 Rxb2 40.Rxb2 Nxb2 41.Ke4 Kd7 42.Nf3 Na4
43.Bd2 Kd6 44.Bb4+ c5 45.Bd2 b5 46.Nh4 b4 47.Nf5+ Kc6 48.Ne7+ Kb5 49.Nd5 a5
50.Nxf6 c4 51.Nd5 c3 52.Bc1 Kc5 53.Nf4 Kc4 54.Nd3 c2 55.Ke3 Nc3 56.Kd2 Nxa2
57.Kxc2 b3+ 58.Kb2 a4 59.Ne5+ Kd5 60.Nd7 Kc6 61.Ne5+ Kd5 62.Nd7 Nxc1 63.Nb6+ Kc5
64.Nxa4+ Kb4 65.Kxc1 Kxa4 66.Kb2 Kb4 67.Kb1 Kc3 68.Kc1 b2+ 69.Kb1 Kb3  1/2-1/2

[Event "5th HIT Open"]
[Site "Nova Gorica SLO"]
[Date "2000.02.08"]
[Round "8"]
[White "Sale,S"]
[Black "Asylguzhin,R"]
[Result "1-0"]
[WhiteElo "2425"]
[BlackElo "2254"]

1.Nf3 d5 2.g3 Nf6 3.Bg2 c6 4.O-O Bf5 5.d3 e6 6.Nbd2 Be7 7.c4 Nbd7 8.b3 h6
9.Bb2 O-O 10.Rc1 Bh7 11.Rc2 Re8 12.Qa1 Bf8 13.a3 a5 14.Bc3 Qe7 15.Ra2 e5
16.cxd5 cxd5 17.Ne1 e4 18.dxe4 dxe4 19.Nc2 Nd5 20.Bd4 Qg5 21.Ne3 Nxe3 22.Bxe3 Qh5
23.Nc4 b5 24.Nb6 Nxb6 25.Bxb6 Bc5 26.Bxc5 Qxc5 27.Rc1 Qe5 28.Qxe5 Rxe5 29.Rd2 Bf5
30.Rd4 Ra7 31.e3 Kf8 32.Kf1 Ke7 33.Ke1 Rd7 34.Rxd7+ Kxd7 35.b4 axb4 36.axb4 Rd5
37.h3 Kd6 38.g4 Bg6 39.Rc8 h5 40.Rd8+ Ke6 41.Rxd5 Kxd5 42.Bf1 f5 43.Bxb5 fxg4
44.hxg4 h4 45.Bd7 Bf7 46.g5 Kd6 47.Bb5 Be6 48.Kf1 Bh3+ 49.Kg1 Bg4 50.Kh2 Be6
51.Bf1 Kc6 52.Bh3 Bd5 53.Bf5 Kb5 54.Kh3 Kxb4 55.Kxh4 Kc3 56.Kg3 Kd3 57.Kf4  1-0

[Event "Petroff Mem Open"]
[Site "St Petersburg RUS"]
[Date "2000.02.08"]
[Round "2"]
[White "Karasev,V"]
[Black "Lebedev,Va"]
[Result "0-1"]
[WhiteElo "2347"]
[BlackElo "2225"]

1.Nf3 d5 2.g3 g6 3.Bg2 Bg7 4.d4 Nf6 5.c4 c6 6.Qb3 Qb6 7.Nc3 Be6 8.c5 Qxb3
9.axb3 Nfd7 10.b4 Bg4 11.e3 e5 12.O-O O-O 13.dxe5 Nxe5 14.Nd4 Na6 15.f4 Nd3
16.Nxc6 bxc6 17.Rxa6 Bxc3 18.bxc3 Be2 19.Ra1 Bxf1 20.Bxf1 Nxc1 21.Rxc1 a5
22.b5 cxb5 23.Bxb5 Rfc8 24.c6 a4 25.c4 dxc4 26.Bxc4 a3 27.Bd5 a2 28.Ra1 Rab8
29.Rxa2 Rb1+ 30.Kf2  0-1

[Event "Petroff Mem Open"]
[Site "St Petersburg RUS"]
[Date "2000.02.08"]
[Round "2"]
[White "Akimov,I"]
[Black "Potkin,V"]
[Result "0-1"]
[WhiteElo "2272"]
[BlackElo "2471"]

1.Nf3 d5 2.g3 Nf6 3.Bg2 e6 4.O-O Be7 5.d4 O-O 6.c4 c5 7.cxd5 exd5 8.Nc3 Nc6
9.Bg5 cxd4 10.Nxd4 h6 11.Be3 Re8 12.h3 Be6 13.Qd2 Qd7 14.Kh2 Rac8 15.Rad1 Ne5
16.Qc2 Nc4 17.Bc1 Bb4 18.Qb3 Qe7 19.a3 Ba5 20.e3 h5 21.Nxe6 fxe6 22.h4 Bxc3
23.bxc3 Rf8 24.a4 Rf7 25.Kg1 Qc7 26.Qc2 Qc6 27.Qg6 Qxa4 28.Rd4 Qc6 29.e4 Ne5
30.Qg5 Qxc3 31.Qxe5 Nd7 32.Bd2 Qb2 33.Qxe6 Qxd4 34.Be3 Qe5 35.exd5 Re8 36.Qxe5 Nxe5
37.Bxa7 Nf3+ 38.Kh1 b5 39.Bh3 Rxa7 40.d6 Rd8 41.Rd1 b4  0-1

[Event "Goodricke Open"]
[Site "Calcutta IND"]
[Date "2000.02.09"]
[Round "4"]
[White "Girinath,P"]
[Black "Vakhidov,T"]
[Result "1/2-1/2"]
[WhiteElo "2298"]
[BlackElo "2505"]

1.Nf3 d5 2.g3 g6 3.Bg2 Bg7 4.d3 e5 5.Nbd2 Ne7 6.e4 O-O 7.O-O Nbc6 8.c3 a5
9.a4 h6 10.Re1 Re8 11.Nb3 d4 12.c4 Nb4 13.Rf1 b6 14.Ne1 Bb7 15.Bd2 Na6 16.Nc1 Bc6
17.Ne2 Nc5 18.f4 f5 19.exf5 Bxg2 20.Nxg2 Nxf5 21.fxe5 Nxd3 22.Nef4 Nxe5 23.c5 bxc5
24.Nxg6 Ne3 25.Nxe3 dxe3 26.Nxe5 Rxe5 27.Qb3+ Kh8 28.Bc3 e2 29.Rf7 Rb8 30.Qc2 e1=Q+
31.Rxe1 Rxe1+ 32.Bxe1 Rxb2 33.Qe4 Qd4+ 34.Qxd4 Bxd4+ 35.Kf1 Rxh2 36.Rxc7 Ra2
37.Bxa5 Rxa4 38.Bd2 h5 39.Ke2 Ra3 40.Bf4 Kg8 41.Rd7 Rb3 42.Rd5 Kf7 43.Rxh5 c4
44.Rd5  1/2-1/2